Machine Learning (Record no. 349779)

MARC details
000 -LEADER
fixed length control field 00495nam a2200169Ia 4500
008 - FIXED-LENGTH DATA ELEMENTS--GENERAL INFORMATION
fixed length control field 230718s9999 xx 000 0 und d
020 ## - INTERNATIONAL STANDARD BOOK NUMBER
International Standard Book Number 9780262018029
041 ## - LANGUAGE CODE
Language code of text/sound track or separate title eng
082 ## - DEWEY DECIMAL CLASSIFICATION NUMBER
Classification number 006.31
Item number MUR
100 ## - MAIN ENTRY--PERSONAL NAME
Personal name Murphy K.P.
9 (RLIN) 201617
245 ## - TITLE STATEMENT
Title Machine Learning
Remainder of title A Probabilistic Perspective
260 ## - PUBLICATION, DISTRIBUTION, ETC. (IMPRINT)
Date of publication, distribution, etc. 2012
Name of publisher, distributor, etc. The MIT Press
300 ## - PHYSICAL DESCRIPTION
Extent 1071
Accompanying material [OBSOLETE, CAN/MARC] Ref 1760 E (60986)
365 ## - TRADE PRICE
Currency code Rs.
Price amount 7791.00
700 ## - ADDED ENTRY--PERSONAL NAME
Personal name Murphy K.P.
9 (RLIN) 201617
906 ## - LOCAL DATA ELEMENT F, LDF (RLIN)
d O:0644513-Mar-2019B:511004-Feb-2019
c BETC
b 1947.75
Holdings
Withdrawn status Lost status Source of classification or shelving scheme Reference No Damaged status Not for loan Home library Current library Date acquired Vendor Budget Code Cost, normal purchase price Bill number Full call number Barcode Date last seen Discount Cost, replacement price Bill Date Koha item type Original Barcode
    Dewey Decimal Classification Ref 1760 E (60986)   Reference Cummins College of Engineering for Women Pune Cummins College of Engineering for Women Pune 13/03/2019 Technical Book Services BETC 5843.25 5110 006.31 CCEP-BK-60986 18/07/2023 1947.75 7791.00 04/02/2019 Books 060986